000 00520nam a2200217Ia 4500
003 OSt
005 20220918193010.0
006 a|||||r|||| 00| 0
007 ta
008 220917b |||||||| |||| 00| 0 eng d
024 _a71,442
037 _cTextual
040 _aARTS
_cARTS
_beng
041 _2eng
_aeng
082 _aR3xM89:3, H5
100 _aCollingwood R G
245 0 _aIdea of nature
260 _c1945
942 _hR3xM89:3, H5
_cTEXL
_2CC
999 _c197515
_d197515